[Event "AUT-chT2W 2324"]
[Site "Austria"]
[Date "2024.01.19"]
[Round "6.6"]
[White "Stoeckl, Norbert"]
[Black "Hengl, Philip"]
[Result "0-1"]
[WhiteElo "2110"]
[BlackElo "2140"]
[PlyCount "80"]
[EventDate "2023.09.29"]
[EventType "team-tourn"]
[EventRounds "11"]
[EventCountry "AUT"]
[SourceTitle "EXT 2025"]
[Source "ChessBase"]
[SourceDate "2024.10.14"]
[SourceVersion "1"]
[SourceVersionDate "2024.10.14"]
[SourceQuality "1"]
[WhiteTeam "Schwarzach"]
[BlackTeam "Absam"]
[WhiteTeamCountry "AUT"]
[BlackTeamCountry "AUT"]

1. e4 c6 2. c4 d5 3. cxd5 cxd5 4. exd5 Nf6 5. Qa4+ Nbd7 6. Nc3 g6 7. Nf3 Bg7 8. Bc4 0-0 9. d3 a6 10. Qa3 b6 11. 0-0 Bb7 12. Re1 b5 13. Bb3 Re8 14. Be3 Nb6 15. Bxb6 Qxb6 16. Qb4 Qd6 17. Qxd6 exd6 18. a3 Rac8 19. d4 Kf8 20. Kf1 h6 21. h3 Rxe1+ 22. Rxe1 Ne8 23. Ke2 Ke7 24. Kd3+ Kd7 25. Nd2 Nc7 26. Nf1 a5 27. Ne3 Ba6 28. Ne2 Na8 29. Rc1 Nb6 30. Rxc8 Kxc8 31. Nc1 Kc7 32. Kc3 b4+ 33. axb4 axb4+ 34. Kxb4 Bxd4 35. Ka3 Bxe3 36. fxe3 Bf1 37. g3 Bxh3 38. Ne2 Bg2 39. Nc3 h5 40. Bd1 Nc4+ 0-1

[Event "AUT-chT2W 2223"]
[Site "Austria"]
[Date "2023.01.21"]
[Round "7.1"]
[White "Natter, Markus"]
[Black "Stoeckl, Norbert"]
[Result "1-0"]
[WhiteElo "1975"]
[BlackElo "2068"]
[PlyCount "71"]
[EventDate "2022.09.23"]
[EventType "team-tourn"]
[EventRounds "11"]
[EventCountry "AUT"]
[SourceTitle "CBM 213 Extra"]
[Source "ChessBase"]
[SourceDate "2023.05.31"]
[SourceVersion "1"]
[SourceVersionDate "2023.05.31"]
[SourceQuality "1"]
[WhiteTeam "Lustenau"]
[BlackTeam "Schwarzach"]
[WhiteTeamCountry "AUT"]
[BlackTeamCountry "AUT"]

1. d4 Nf6 2. Bg5 e6 3. Nd2 h6 4. Bh4 c5 5. e4 Qa5 6. Bxf6 gxf6 7. d5 d6 8. c3 h5 9. h3 Bd7 10. Qf3 Be7 11. Nc4 Qc7 12. 0-0-0 b5 13. Ne3 Na6 14. Ne2 0-0-0 15. Nf4 h4 16. dxe6 fxe6 17. Nfd5 exd5 18. Nxd5 Qa5 19. Nxe7+ Kb8 20. Kb1 Rhe8 21. Qxf6 Qa4 22. Bd3 Nc7 23. Bc2 Qc4 24. Qxd6 Kb7 25. Nd5 Na6 26. b3 Qe2 27. Nf6 Bc6 28. Qf4 Rf8 29. Rhe1 Rxd1+ 30. Rxd1 c4 31. b4 Nc7 32. Qxh4 a5 33. a3 axb4 34. axb4 Ra8 35. Qf4 Ra3 36. Qd2 1-0

[Event "AUT-chT2W 2223"]
[Site "Austria"]
[Date "2022.09.25"]
[Round "3.5"]
[White "Stoeckl, Norbert"]
[Black "Prediger, Rupert"]
[Result "0-1"]
[WhiteElo "2068"]
[BlackElo "2229"]
[PlyCount "150"]
[EventDate "2022.09.23"]
[EventType "team-tourn"]
[EventRounds "11"]
[EventCountry "AUT"]
[SourceTitle "CBM 210 Extra"]
[Source "ChessBase"]
[SourceDate "2022.11.30"]
[SourceVersion "1"]
[SourceVersionDate "2022.11.30"]
[SourceQuality "1"]
[WhiteTeam "Schwarzach"]
[BlackTeam "Kufstein/Woergl"]
[WhiteTeamCountry "AUT"]
[BlackTeamCountry "AUT"]

1. e4 Nf6 2. e5 Nd5 3. d4 d6 4. Nf3 Bf5 5. Bc4 dxe5 6. Nxe5 e6 7. 0-0 Be7 8. c3 0-0 9. Nd2 Nd7 10. Qe2 Nxe5 11. dxe5 Nb6 12. Rd1 Bc2 13. Re1 Nxc4 14. Qxc4 c5 15. Nf1 Qd7 16. Ng3 Rad8 17. Qg4 Bg6 18. h4 Qd3 19. h5 Bf5 20. Nxf5 Qxf5 21. Qxf5 exf5 22. Be3 Rd5 23. f4 Rfd8 24. Kf2 f6 25. c4 Rd3 26. e6 b6 27. Ke2 R3d6 28. Red1 Rxe6 29. Rxd8+ Bxd8 30. Rd1 Bc7 31. g3 Bd6 32. Rd3 Kf7 33. a4 Ke7 34. a5 Bc7 35. axb6 axb6 36. Ra3 Rd6 37. Ra8 Rd8 38. Ra7 Kd6 39. Kd3 Kc6+ 40. Kc2 Rg8 41. Kd3 g6 42. Ke2 gxh5 43. Kf3 Rg4 44. Ra8 h4 45. gxh4 Rxh4 46. Rf8 Rh3+ 47. Ke2 Rh2+ 48. Kd3 Rh6 49. b3 Rg6 50. Ke2 Kd6 51. Kf3 Rh6 52. Kg2 Ke7 53. Rh8 Bd6 54. Ra8 Kd7 55. Ra7+ Kc6 56. Rf7 Bc7 57. Kg3 Bd8 58. Kg2 Rh4 59. Kg3 Rg4+ 60. Kf3 Rh4 61. Rg7 Rh1 62. Ke2 Rb1 63. Rxh7 Rxb3 64. Kd2 Kd6 65. Rh8 Bc7 66. Rh5 Ke6 67. Rh7 Bd8 68. Rh8 Bc7 69. Rh7 Kd6 70. Rh5 Rb2+ 71. Kd3 Ke6 72. Rh7 Bd6 73. Rb7 Be7 74. Kc3 Rb4 75. Bc1 Ra4 0-1

[Event "AUT-chT2W 2122"]
[Site "Austria"]
[Date "2022.06.03"]
[Round "6.1"]
[White "Stoeckl, Norbert"]
[Black "Berchtold, Guenter"]
[Result "1-0"]
[WhiteElo "2038"]
[BlackElo "1892"]
[PlyCount "105"]
[EventDate "2021.10.15"]
[EventType "team-tourn"]
[EventRounds "11"]
[EventCountry "AUT"]
[SourceTitle "EXT 2023"]
[Source "ChessBase"]
[SourceDate "2022.10.05"]
[SourceVersion "1"]
[SourceVersionDate "2022.10.05"]
[SourceQuality "1"]
[WhiteTeam "Schwarzach"]
[BlackTeam "Wolfurt"]
[WhiteTeamCountry "AUT"]
[BlackTeamCountry "AUT"]

1. e4 c5 2. Nf3 d6 3. d4 cxd4 4. Qxd4 Nc6 5. Bb5 Bd7 6. Bxc6 Bxc6 7. Nc3 h6 8. Be3 Nf6 9. h3 g6 10. 0-0-0 Bg7 11. Qd3 Qa5 12. Nd4 a6 13. f4 Nd7 14. Nb3 Qc7 15. Rhe1 0-0 16. g4 Rfc8 17. Bd2 Bb5 18. Qe3 Bc4 19. Kb1 b5 20. Rc1 e6 21. f5 b4 22. Ne2 Bxe2 23. Rxe2 a5 24. Nd4 Qb6 25. Nf3 Qxe3 26. Bxe3 Nc5 27. Bd4 e5 28. Bf2 g5 29. Rd1 Ra6 30. Rd5 a4 31. Bxc5 Rxc5 32. Rxc5 dxc5 33. Rd2 f6 34. Rd8+ Bf8 35. Nd2 Rd6 36. Rxd6 Bxd6 37. Nc4 Bc7 38. Kc1 h5 39. Kd2 hxg4 40. hxg4 Kf8 41. Kd3 Ke7 42. Ne3 Kd6 43. Kc4 Kc6 44. Nd5 Bd8 45. a3 bxa3 46. bxa3 Kd6 47. Nc3 Kc6 48. Nxa4 Ba5 49. Nxc5 Bb6 50. Nd3 Bd8 51. Nb4+ Kb6 52. a4 Ka5 53. Nc6+ 1-0

[Event "AUT-chT2W 1920"]
[Site "Austria"]
[Date "2020.03.06"]
[Round "9.6"]
[White "Nussbaumer, Leon"]
[Black "Stoeckl, Norbert"]
[Result "0-1"]
[WhiteElo "1975"]
[BlackElo "2054"]
[PlyCount "110"]
[EventDate "2019.10.04"]
[EventType "team-tourn"]
[EventRounds "11"]
[EventCountry "AUT"]
[SourceTitle "CBM 195 Extra"]
[Source "ChessBase"]
[SourceDate "2020.05.31"]
[SourceVersion "1"]
[SourceVersionDate "2020.05.31"]
[SourceQuality "1"]
[WhiteTeam "Pradl"]
[BlackTeam "Schwarzach"]
[WhiteTeamCountry "AUT"]
[BlackTeamCountry "AUT"]

1. e4 c5 2. Nf3 e6 3. d4 cxd4 4. Nxd4 a6 5. Bd3 Nc6 6. Nxc6 dxc6 7. 0-0 e5 8. Nd2 Ne7 9. Nc4 Ng6 10. Qh5 Bc5 11. Kh1 Qc7 12. f4 b5 13. Nxe5 Nxe5 14. fxe5 Be6 15. Bf4 Rd8 16. Rf3 h6 17. Rd1 Be7 18. Rff1 g6 19. Qe2 g5 20. Bd2 h5 21. a4 c5 22. Qe1 b4 23. Bxa6 Qxe5 24. Bb5+ Kf8 25. Be3 Rxd1 26. Qxd1 Bd6 27. Bg1 h4 28. Qf3 Ke7 29. b3 g4 30. Qe2 Qc3 31. Bd3 h3 32. g3 Rh5 33. Bc4 Bxc4 34. Qxc4 Qxc4 35. bxc4 Ke6 36. Re1 Re5 37. Bf2 Kd7 38. Kg1 Kc6 39. Kf1 Bf8 40. Re2 Kb6 41. Be3 f5 42. exf5 Rxf5+ 43. Bf4 Rf6 44. Rf2 Bg7 45. Ke2 Re6+ 46. Kd3 Bd4 47. Rf1 Ka5 48. Bd2 Rd6 49. Ke2 Kxa4 50. Rf8 Ka3 51. Rg8 Kb2 52. Bf4 Rd7 53. Rxg4 Kxc2 54. Rg6 b3 55. Ra6 Rb7 0-1

[Event "AUT-chT2W 1516"]
[Site "Austria"]
[Date "2016.03.05"]
[Round "10.5"]
[White "Stoeckl, Norbert"]
[Black "Ausserer, Felix"]
[Result "0-1"]
[WhiteElo "2094"]
[BlackElo "1901"]
[PlyCount "88"]
[EventDate "2015.10.16"]
[EventType "team-tourn"]
[EventRounds "11"]
[EventCountry "AUT"]
[SourceTitle "EXT 2017"]
[Source "ChessBase"]
[SourceDate "2016.10.25"]
[SourceVersion "1"]
[SourceVersionDate "2016.10.25"]
[SourceQuality "1"]
[WhiteTeam "Schwarzach"]
[BlackTeam "Dornbirn"]
[WhiteTeamCountry "AUT"]
[BlackTeamCountry "AUT"]

1. e4 c5 2. Nf3 d6 3. d4 cxd4 4. Qxd4 Nc6 5. Qe3 g6 6. Be2 Bg7 7. 0-0 Nf6 8. c4 0-0 9. h3 Qc7 10. Nc3 a6 11. Bd2 e6 12. Rac1 Nd7 13. Na4 Rb8 14. Bc3 e5 15. b3 f5 16. exf5 gxf5 17. Rfd1 b5 18. cxb5 axb5 19. Nb2 Nc5 20. Ng5 Qe7 21. b4 Ne6 22. Nxe6 Bxe6 23. a4 bxa4 24. b5 Nd4 25. Nxa4 f4 26. Qe4 d5 27. Qd3 e4 28. Qxd4 Bxd4 29. Bxd4 f3 30. Bf1 fxg2 31. Be2 Bxh3 32. Rc3 Bf5 33. Rg3+ Bg6 34. Bc5 Qh4 35. Rxg2 e3 36. Nc3 exf2+ 37. Bxf2 Rxf2 38. Rxf2 d4 39. Bc4+ Kg7 40. Ne2 Rd8 41. Nf4 Qg4+ 42. Kh2 Qxd1 43. Ne6+ Kh8 44. Nxd8 Qh5+ 0-1

[Event "AUT-chT2W 1415"]
[Site "Austria"]
[Date "2015.03.07"]
[Round "10.1"]
[White "Stoeckl, Norbert"]
[Black "Georgiev, Georgi"]
[Result "0-1"]
[WhiteElo "2107"]
[BlackElo "2101"]
[PlyCount "78"]
[EventDate "2014.10.10"]
[EventType "team-tourn"]
[EventRounds "11"]
[EventCountry "AUT"]
[SourceTitle "EXT 2016"]
[Source "ChessBase"]
[SourceDate "2015.10.08"]
[SourceVersion "1"]
[SourceVersionDate "2015.10.08"]
[SourceQuality "1"]
[WhiteTeam "Schwarzach"]
[BlackTeam "Innsbruck"]
[WhiteTeamCountry "AUT"]
[BlackTeamCountry "AUT"]

1. e4 Nf6 2. e5 Nd5 3. d4 d6 4. Nf3 Nc6 5. c4 Nb6 6. exd6 exd6 7. h3 Bf5 8. Be2 Be7 9. Bf4 0-0 10. Nc3 Re8 11. 0-0 a5 12. Qd2 a4 13. Rfc1 Bf6 14. Nb5 Qd7 15. Nh2 a3 16. Ng4 Bxd4 17. Nxd4 Nxd4 18. Qxd4 Rxe2 19. Bh6 f6 20. Nxf6+ gxf6 21. Rc3 axb2 22. Rg3+ Bg6 23. Rb1 Qe6 24. Rxb2 Re1+ 25. Kh2 Qe5 26. Qd3 Kf7 27. Qb3 Qe6 28. Rg4 Rg8 29. f4 Nd7 30. Qg3 f5 31. Rg5 Nc5 32. h4 Re3 33. Qf2 b6 34. Rd2 Re4 35. h5 Rxc4 36. Qh4 Ne4 37. hxg6+ hxg6 38. Re2 Rh8 39. Re3 Qf6 0-1

[Event "AUT-chT2W 1415"]
[Site "Austria"]
[Date "2015.03.06"]
[Round "9.5"]
[White "Mira, Helene"]
[Black "Stoeckl, Norbert"]
[Result "1/2-1/2"]
[WhiteElo "2056"]
[BlackElo "2107"]
[PlyCount "69"]
[EventDate "2014.10.10"]
[EventType "team-tourn"]
[EventRounds "11"]
[EventCountry "AUT"]
[SourceTitle "EXT 2016"]
[Source "ChessBase"]
[SourceDate "2015.10.08"]
[SourceVersion "1"]
[SourceVersionDate "2015.10.08"]
[SourceQuality "1"]
[WhiteTeam "Bregenz"]
[BlackTeam "Schwarzach"]
[WhiteTeamCountry "AUT"]
[BlackTeamCountry "AUT"]

1. Nf3 Nf6 2. c4 g6 3. Nc3 d5 4. cxd5 Nxd5 5. Qa4+ c6 6. Nxd5 Qxd5 7. e4 Qd6 8. d4 Bg7 9. Be3 0-0 10. Be2 Nd7 11. 0-0 e5 12. Rfd1 exd4 13. Bxd4 Qe7 14. Bxg7 Kxg7 15. Qd4+ Nf6 16. e5 Nd5 17. Bc4 Be6 18. a3 Rfe8 19. Re1 c5 20. Qe4 Nc7 21. Bxe6 Nxe6 22. Rad1 Rac8 23. Rd6 Rc7 24. Red1 b5 25. g3 c4 26. h4 h6 27. R1d5 Nc5 28. Qd4 Ne6 29. Qe3 Rb7 30. Nd2 Nc7 31. Rc5 Ne6 32. Rcd5 Nc7 33. Rc5 Ne6 34. Rcd5 Nc7 35. Rc5 1/2-1/2

[Event "AUT-chT2W 1415"]
[Site "Austria"]
[Date "2015.01.23"]
[Round "6.5"]
[White "Hofer, Emilian"]
[Black "Stoeckl, Norbert"]
[Result "1-0"]
[WhiteElo "2209"]
[BlackElo "2107"]
[PlyCount "41"]
[EventDate "2014.10.10"]
[EventType "team-tourn"]
[EventRounds "11"]
[EventCountry "AUT"]
[SourceTitle "EXT 2016"]
[Source "ChessBase"]
[SourceDate "2015.10.08"]
[SourceVersion "1"]
[SourceVersionDate "2015.10.08"]
[SourceQuality "1"]
[WhiteTeam "Hohenems II"]
[BlackTeam "Schwarzach"]
[WhiteTeamCountry "AUT"]
[BlackTeamCountry "AUT"]

1. e4 c5 2. Nf3 e6 3. d4 cxd4 4. Nxd4 a6 5. Bd3 Nc6 6. Nxc6 dxc6 7. 0-0 e5 8. f4 Nf6 9. Kh1 Bc5 10. Qf3 Ng4 11. Qg3 h5 12. f5 Qd4 13. Nc3 Nf2+ 14. Rxf2 Qxf2 15. Qxe5+ Kf8 16. Bg5 b6 17. Qc7 Bxf5 18. exf5 Re8 19. Rf1 Qd4 20. f6 Rg8 21. fxg7+ 1-0

[Event "AUT-chT2W 1314"]
[Site "Austria"]
[Date "2014.03.08"]
[Round "10.4"]
[White "Stoeckl, Norbert"]
[Black "Sandholzer, Robert"]
[Result "1/2-1/2"]
[WhiteElo "2086"]
[BlackElo "2153"]
[PlyCount "94"]
[EventDate "2013.10.18"]
[EventType "team-tourn"]
[EventRounds "11"]
[EventCountry "AUT"]
[SourceTitle "EXT 2015"]
[Source "ChessBase"]
[SourceDate "2014.11.20"]
[SourceVersion "1"]
[SourceVersionDate "2014.11.20"]
[SourceQuality "1"]
[WhiteTeam "Schwarzach"]
[BlackTeam "Hohenems II"]
[WhiteTeamCountry "AUT"]
[BlackTeamCountry "AUT"]

1. e4 e6 2. d4 d5 3. Nd2 Be7 4. Bd3 c5 5. dxc5 Nf6 6. Qe2 0-0 7. Ngf3 a5 8. 0-0 Na6 9. e5 Nd7 10. c4 Ndxc5 11. Bb1 b6 12. Rd1 Bb7 13. Nf1 Qc7 14. cxd5 Bxd5 15. Bf4 Nb4 16. h4 Qb7 17. Ng5 h6 18. Nh7 Rfd8 19. Qg4 Kh8 20. Qh5 Be4 21. Rxd8+ Rxd8 22. Ng5 Bxg5 23. hxg5 Nbd3 24. Bxd3 Nxd3 25. Rd1 Bg6 26. Qh3 Qe4 27. Be3 h5 28. Ng3 Qxe5 29. Nxh5 Kg8 30. Nf4 Bf5 31. Qh4 Rd6 32. Nxd3 Rxd3 33. Rxd3 Bxd3 34. Bd4 Qe1+ 35. Kh2 Qe2 36. f3 b5 37. Qf4 Bg6 38. Qb8+ Kh7 39. Qf8 e5 40. Qe7 Qe1 41. Qxe5 Qxe5+ 42. Bxe5 a4 43. g4 Bd3 44. f4 Bc4 45. a3 g6 46. Kg3 Kg8 47. Bd6 Be6 1/2-1/2

[Event "AUT-chT2W 1314"]
[Site "Austria"]
[Date "2014.01.17"]
[Round "6.5"]
[White "Platzgummer, Fabian"]
[Black "Stoeckl, Norbert"]
[Result "1-0"]
[WhiteElo "2311"]
[BlackElo "2086"]
[PlyCount "51"]
[EventDate "2013.10.18"]
[EventType "team-tourn"]
[EventRounds "11"]
[EventCountry "AUT"]
[SourceTitle "EXT 2015"]
[Source "ChessBase"]
[SourceDate "2014.11.20"]
[SourceVersion "1"]
[SourceVersionDate "2014.11.20"]
[SourceQuality "1"]
[WhiteTeam "Zillertal"]
[BlackTeam "Schwarzach"]
[WhiteTeamCountry "AUT"]
[BlackTeamCountry "AUT"]

1. Nf3 Nf6 2. c4 g6 3. g3 Bg7 4. Bg2 0-0 5. 0-0 c6 6. d4 d5 7. Qb3 dxc4 8. Qxc4 Ne4 9. Nc3 Nd6 10. Qd3 Qb6 11. Rd1 Rd8 12. Bg5 Nf5 13. e3 h6 14. Bf4 Nd7 15. g4 Nd6 16. h3 Qxb2 17. Nd5 cxd5 18. Rdb1 Nc5 19. dxc5 Nc4 20. Rxb2 Bxb2 21. Rd1 e5 22. Qxc4 dxc4 23. Rxd8+ Kg7 24. Bxe5+ Bxe5 25. Nxe5 c3 26. Rd3 1-0

[Event "AUT-chT2W 1213"]
[Site "Austria"]
[Date "2013.03.08"]
[Round "9.6"]
[White "Scheffknecht, Philipp"]
[Black "Stoeckl, Norbert"]
[Result "1-0"]
[WhiteElo "2065"]
[BlackElo "2057"]
[PlyCount "79"]
[EventDate "2012.10.05"]
[EventType "team-tourn"]
[EventRounds "11"]
[EventCountry "AUT"]
[SourceTitle "EXT 2014"]
[Source "ChessBase"]
[SourceDate "2013.11.20"]
[SourceVersion "1"]
[SourceVersionDate "2013.11.20"]
[SourceQuality "1"]
[WhiteTeam "Goetzis"]
[BlackTeam "Schwarzach"]
[WhiteTeamCountry "AUT"]
[BlackTeamCountry "AUT"]

1. d4 Nf6 2. c4 g6 3. Nc3 d5 4. cxd5 Nxd5 5. Na4 Bg7 6. e4 Nb6 7. Be3 0-0 8. Rc1 e5 9. d5 f5 10. Nxb6 axb6 11. d6 c5 12. Qd5+ Kh8 13. Nf3 f4 14. Bd2 Nd7 15. Bc4 Nf6 16. Qd3 Qxd6 17. Qb3 Ne8 18. h4 Nf6 19. Ng5 Bd7 20. f3 Ba4 21. Qc3 Qe7 22. Ne6 b5 23. Bd5 Nxd5 24. exd5 b6 25. a3 Bf6 26. b3 b4 27. Qc4 Bxh4+ 28. Ke2 Bxb3 29. Qxb3 Rxa3 30. Qb2 Bf6 31. Qc2 Rg8 32. Rh6 Qd6 33. Rch1 Ra7 34. Rxg6 Qxd5 35. Rxg8+ Kxg8 36. Qf5 c4 37. Nxf4 Qd8 38. Qe6+ Kh8 39. Nd5 Ra2 40. Qxf6+ 1-0

[Event "AUT-chT2W 1213"]
[Site "Austria"]
[Date "2012.11.30"]
[Round "4.5"]
[White "Tabernig, Bernhard"]
[Black "Stoeckl, Norbert"]
[Result "1-0"]
[WhiteElo "2327"]
[BlackElo "2057"]
[PlyCount "79"]
[EventDate "2012.10.05"]
[EventType "team-tourn"]
[EventRounds "11"]
[EventCountry "AUT"]
[SourceTitle "EXT 2014"]
[Source "ChessBase"]
[SourceDate "2013.11.20"]
[SourceVersion "1"]
[SourceVersionDate "2013.11.20"]
[SourceQuality "1"]
[WhiteTeam "Zillertal"]
[BlackTeam "Schwarzach"]
[WhiteTeamCountry "AUT"]
[BlackTeamCountry "AUT"]

1. d4 Nf6 2. Nf3 g6 3. c4 Bg7 4. Nc3 d5 5. Bf4 0-0 6. e3 c5 7. dxc5 Qa5 8. Rc1 dxc4 9. Bxc4 Qxc5 10. Nb5 Qb4+ 11. Kf1 Nc6 12. a3 Qa5 13. Bc7 b6 14. b4 Nxb4 15. axb4 Qxb4 16. Qd2 Qa4 17. Qc2 Qxc2 18. Rxc2 Bf5 19. Rc1 Rfc8 20. Ke2 a6 21. Nbd4 Rxc7 22. Bxf7+ Kxf7 23. Rxc7 Nd5 24. Rcc1 Bd7 25. Ng5+ Kg8 26. Rhd1 Ba4 27. Rd2 e5 28. Nde6 Bb5+ 29. Ke1 Nf6 30. Rc7 Ne8 31. Rb7 Bc6 32. Rxb6 Bxg2 33. Nxg7 Nxg7 34. f3 Bh1 35. Rd7 h6 36. Rxg6 hxg5 37. Rgxg7+ Kh8 38. Rh7+ Kg8 39. Rdg7+ Kf8 40. Rxg5 1-0